000 00304nam a2200109Ia 4500
008 220204s9999 xx 000 0 und d
082 _a630*1
_bCHA
100 _aChaudhuri, A B
245 0 _aTree and the environment : An Indian scenario
260 _aNew Delhi
_bAshish Publishing House
_c1993
942 _cBK
999 _c41188
_d41188